| 000 | 00941nam a22002297a 4500 | ||
|---|---|---|---|
| 010 | _aA-824775 | ||
| 020 |
_a8123710690 _c25.00 |
||
| 035 | _aA-824775 | ||
| 037 | _aCen Lib / Ret | ||
| 040 |
_aDPL _bPN |
||
| 082 |
_a616 _bਅਗਰ |
||
| 100 |
_aਅਗਰਵਾਲ, ਅਨੀਲ _9133694 |
||
| 245 |
_aਕੁਝ ਅਾਮ ਬਿਮਾਰੀਆਂ / _cਅਨੀਲ ਅਗਰਵਾਲ ; ਅਨੁਵਾਦਕ ਜਸਵੰਤ ਗਿੱਲ |
||
| 246 |
_aKujha ama bimariaṃ / _bby Anil Agrawal ; translated Jaswant Singh |
||
| 260 |
_aਨਵੀ ਦਿੱਲੀ _bਨੈਸ਼ਨਲ਼ ਬੂਕ ਟਰੱਸਟ ਇੰਡੀਆ _c1993 |
||
| 270 |
_aਏ-5, ਗ੍ਰੀਨ ਪਾਰਕ, _bਨਵੀ ਦਿੱਲੀ _e110016 |
||
| 300 |
_a88p ; _b24cm |
||
| 650 |
_aDiseases _914215 |
||
| 650 |
_aਰੋਗ. _9133695 |
||
| 700 |
_aਗਿੱਲ, ਜਸਵੰਤ _9133696 |
||
| 942 |
_2ddc _cPN _h616 _mਅਗਰ |
||
| 999 |
_c111160 _d111160 |
||